000 01036nam0a22002651 4500
001 rc\2134252
005 20260407024913.0
035 _a(NLR Aleph) 006512366
090 _a6343808
_c6343808
100 _a20110829d1978 |||y0rusy50 ca
101 0 _arus
102 _aRU
105 _aa b |||||
200 1 _aДорогой Ленина, дорогой Октября
_eКаталог выставки экслибрисов
210 _aМинск
_cПолымя
_d1978
215 _a28 с.
_cил.
_d16
300 _aВ надзаг.: Добр. о-во любителей кн. БССР, Секция экслибриса
606 _aЭкслибрис советский
_xВыставки
_z1977
_yМинск
_2psbo
710 1 2 _a"Дорогой Ленина, дорогой Октября", выставка экслибрисов
_f1977
_eМинск
_3RU\NLR\AUTH\8810010591
_9518845
801 0 _aRU
_bNLR
_gpsbo
801 1 _aRU
_bELAR
_2rusmarc
852 _aNLR
_bЭ
_jКМ622/1978
942 _cBOOK
980 _aNB